Responses for Show #7871 - Monday, November 26, 2018

Contestants

[<< previous game]

Bridget Sullivan, a telemetry technician from Butte, Montana

Dylan Hamilton, a pediatric dentist from Durham, North Carolina

J Cheema, a marketing and strategy consultant from Portland, Oregon (whose 1-day cash winnings total $28,000)

[next game >>]

Jeopardy! Round responses

PREDICTIONS BY 2030
TV TITLE CHARACTERS
WHICH STATE?
CRAFTS & HOBBIES
RECENT NONFICTION
THE GERMAN UMLAUT
    $200 22
Lin-Manuel Miranda

Dylan
    $200 10
Tracy Morgan

J
    $200 1
Hawaii

Dylan
    $200 18
genealogy

Dylan
    $200 21
dinosaurs

Bridget
    $400 23
bell-bottoms

Bridget
    $400 5
Julianna Margulies

Bridget
    $400 2
Texas

J
    $400 15
(Bridget: What is a puzzle?)
(Alex: What kind of puzzle?)

a jigsaw puzzle

Bridget
    $400 20
Siamese twins

Dylan
    $600 11
the Detroit Lions

J
    $600 6
Blossom

J
    $600 8
Louisiana

Bridget
    $600 16
scrapbooking

Dylan
    $600 13
mushrooms

J
    $600 28
[The end-of-round signal sounds.]

über

Bridget
    $800 14
Flag Day

Bridget
    $800 7
Lucifer

Triple Stumper
    $800 3
Oklahoma

J
    $1,000 17
antiquing

Dylan
    $800 12
The Battle for Our Better Angels

Triple Stumper
    $800 27
early and late

Triple Stumper
    $1000 24
(Alex: Less than a minute now.)

Facebook

Dylan
    $1000 9
The Marvelous Mrs. Maisel

Bridget
    $1000 4
(J: What is New York?)

Wyoming

JBridget
    $1000 19
crocheting

J
    $1000 25
David Sedaris

Triple Stumper
    $1000 26
Doppelgänger

J

Scores at the first commercial break (after clue 15):

J Dylan Bridget
$2,200 $200 $4,200

Scores at the end of the Jeopardy! Round:

J Dylan Bridget
$4,200 $3,600 $5,400

Double Jeopardy! Round responses

(Alex: Along with Jeopardy!, others are...)
CELEBRATING 35 YEARS
BIBLE BOOKS BY CHARACTERS
SAFE SPACES
EARTH SCIENCE
ENGLISH MAJORS
CAREER OPTIONS
    $400 7
the Mario Bros.

Dylan
    $400 11
an oasis

Dylan
    $400 1
a rainbow

Dylan
    $400 16
Wellington

Bridget
    $800 5
"Thriller"

Dylan
    $4,400 12
New Haven

Dylan
    $800 2
bedrock

J
    $800 17
(Bridget: Who is Pershing?)

Lawrence of Arabia

Bridget
Triple Stumper
    $1200 8
Tokyo

J
    $1200 26
[The end-of-round signal sounds.]
(Alex: Darn, I was hoping we could go through the entire category and come up with one response.)
[Laughter]
(Alex: Does it bring back memories of the football category?)

Revelation

Triple Stumper
    $1200 13
a sanctuary state

Bridget
    $1200 3
(J: What is... tide?)
(Dylan: What is a gulf?)

the current

JDylan
Triple Stumper
    $3,000 18
(Alex: Bridget?)
(Bridget: What is the Crimean War?)

the Charge of the Light Brigade

Bridget
    $1200 22
a marine biologist

J
    $1600 9
Megadeth

J
    $1600 25
Song of Solomon

Triple Stumper
    $1600 14
(Bridget: What is a bastion?)

the last refuge of a scoundrel

Bridget
Triple Stumper
    $1600 4
barometric pressure

Bridget
    $1600 19
Major John André

Triple Stumper
    $1600 21
(J: What is a case manager?)
...
(Alex: Less than a minute now.)

a risk manager

J
Triple Stumper
    $2000 10
Scarface

Bridget
    $2000 24
Ruth

Triple Stumper
    $2000 15
asylum

Dylan
    $2000 6
(J: What is skew?)
(Bridget: What is tilt?)

oblique

JBridget
Triple Stumper
    $2000 20
(Bridget: Who is Rommel?)

Field Marshal Montgomery

Bridget
Triple Stumper
    $2000 23
an epidemiologist

J

Scores at the end of the Double Jeopardy! Round:

J Dylan Bridget
$6,200 $10,800 $1,200

[wagering suggestions for these scores]

Final Jeopardy! Round responses

AMERICAN AUTHORS
BridgetWho is Hawthorne?
$42
JWho is Mark Twain?
$6,200
DylanWho is Thoreau?
$1,601
Nathaniel Hawthorne

Final scores:

J Dylan Bridget
$0 $9,199 $1,242
3rd place: $1,000 New champion: $9,199 2nd place: $2,000

Game dynamics:

Coryat scores:

J Dylan Bridget
$6,200 $7,000 $4,200
13 R,
4 W
13 R
(including 2 DDs),
1 W
13 R,
5 W
(including 1 DD)

Combined Coryat: $17,400

[game clues] [game scores] [suggest correction]

Game tape date: 2018-10-10
The J! Archive is created by fans, for fans. Scraping, republication, monetization, and malicious use prohibited; this site may use cookies and collect identifying information. See terms. The Jeopardy! game show and all elements thereof, including but not limited to copyright and trademark thereto, are the property of Jeopardy Productions, Inc. and are protected under law. This website is not affiliated with, sponsored by, or operated by Jeopardy Productions, Inc. Join the discussion at JBoard.tv.